000 00281nam a2200121Ia 4500
008 220216s9999 xx 000 0 und d
100 _aBurnside G B
245 0 _aRubber die technique
260 _bIRI Transactions
_c1944
300 _a81-92
650 _aRubber die
942 _cJS
999 _c67569
_d67569